Personálne riadenie a podniková kultúra v projektovo orientovaných organizáciách

Personálne stratégie v meniacom sa prostredí a harmonizácia prístupu riadenia a zabezpečenia flexiistoty zamestnancov. Úloha personálnych špecialistov v projektovo orientovaných organizáciách.

Salvato in:
Dettagli Bibliografici
Autore principale: Blštáková, Jana, 1980-
Natura: Capitolo di libro
Lingua:slovacco
Soggetti:
Tags: Aggiungi Tag
Nessun Tag, puoi essere il primo ad aggiungerne!!

MARC

LEADER 00000naa$a2200000$$$4500
001 0196878
005 20240502073323.2
041 0 |a slo 
044 |a SK 
245 1 0 |a Personálne riadenie a podniková kultúra v projektovo orientovaných organizáciách  |c Jana Blštáková 
520 |a Personálne stratégie v meniacom sa prostredí a harmonizácia prístupu riadenia a zabezpečenia flexiistoty zamestnancov. Úloha personálnych špecialistov v projektovo orientovaných organizáciách. 
610 2 0 |a manažment personálny 
610 2 0 |a riadenie personálne 
610 2 0 |a komunikácia manažérska 
610 2 0 |a procesy podnikové 
610 2 0 |a kultúra podniková 
100 1 |a Blštáková, Jana, 1980-